Statystyki dla Sztuka baroku

Kliknij tutaj aby rozwiązać quiz!

Ogólne statystyki

  • Ten quiz został rozwiązany 13 razy
  • Średni wynik to 9 z 35

Statystyki odpowiedzi

Odpowiedź% Poprawnych
Rembrandt - Lekcja anatomii doktora Tulpa
100%
Vermeer - Dziewczyna z perłą
75%
Vermeer - Mleczarka
75%
Wersal
75%
Rembrandt - Autoportret z Saskią
50%
Rembrandt - Powrót syna marnotrawnego
50%
Rembrandt - Wymarsz strzelców
50%
Rubens - Trzy Gracje
50%
Antoon van Dyck - Karol I król Anglii
25%
Bernini - Dawid
25%
Bernini - Ekstaza św Teresy
25%
Caravaggio - Judyta odcinająca głowę Holofernesowi
25%
Caravaggio - Święty Hieronim piszący
25%
Caravaggio - Złożenie do grobu
25%
El Greco - Ekstaza św. Franciszka
25%
Fara poznańska
25%
Jordaens - Czterej ewangeliści
25%
Jordaens - Król pije
25%
Kościół św. Piotra i Pawła w Krakowie
25%
Rubens, Porwanie córek Leukippa
25%
Rubens - Prometeusz skowany
25%
Rubens - Zdjęcie z krzyża
25%
Bernini - Pluton i Prosperina
0%
Caravaggio - Amor zwycięski
0%
Caravaggio - Chłopiec z koszem owoców
0%
Caravaggio - Powołanie św. Mateusza
0%
Caravaggio - Wieczerza w Emaus
0%
El Greco - Pogrzeb hrabiego Orgaza
0%
Fontanna di Trevi
0%
Il Gesu
0%
Rembrandt - Ofiara Izaaka
0%
Velazques - Panny dworskie
0%
Velazques - Poddanie Bredy
0%
Vermeer - Czytająca list
0%
Vermeer - Ważąca perły
0%

Rozkład punktacji

Percentyl według liczby udzielonych odpowiedzi

Procent ludzi z każdym wynikiem

Twoja historia wyników

Nie rozwiązałeś tego quizu